000
00238 a2200097 4500
001
30971
100
_a
Abramowitz M
245
_a
Handbook of Mathematical Functions
260
_a
NY
_b
Dover Publication Inc
_c
1972
090
_c
20997
_d
20997
942
_a
NUST-CAE
_c
M
_c
12221
999
_c
266044
_d
266044